Statistiques concernant 📖 150 premiers mots "Joachim a des ennuis"Sempé.Goscinny

Cliquez ici pour prendre le quiz!

Statistiques générales

  • Ce quiz a Ă©tĂ© pris 31 fois
  • Le rĂ©sultat moyen est 111 sur 150

Statistiques - réponses

Mots% Correct
Ă 
100%
a
100%
en
100%
l'
100%
la
100%
n'
100%
c'
95%
de
95%
est
95%
est-
95%
il
95%
Joachim
95%
Joachim !
95%
Joachim, ...
95%
pas ?
95%
pas
95%
ce
89%
elle
89%
(elle
89%
et
89%
ne
89%
qu'
89%
ça
84%
On
84%
on
84%
plus
84%
que
84%
qui),
84%
qui
84%
toujours
84%
un
84%
Ă©cole,
79%
Ă©cole
79%
Nous,
79%
nous
79%
souvent
79%
Tu
79%
air
74%
bien,
74%
dit :
74%
fait
74%
jamais
74%
jamais,
74%
retard
74%
grand
68%
maîtresse
68%
quand
68%
avec
63%
lui
63%
Mais
63%
parce
63%
si
63%
-Eh
58%
été
58%
ĂŞtre
58%
très
58%
venu
58%
arrivé
53%
aujourd'hui,
53%
faire
53%
gentille
53%
importe
53%
soit
53%
y
53%
étonnés
47%
étonnés,
47%
étonnés.
47%
eu
47%
hier
47%
ait
42%
content,
42%
dois
37%
sourire,
37%
plaisir,
32%
vient
32%
déjà
21%
embêté,
21%
embêté
21%
félicité.
21%
surtout
21%
Ă©crite
11%
félicitations,
11%
interrogation
11%
chouette
5%
grammaire ;
5%

Distribution des résultats

Percentile par nombre de réponses

% des personnes avec chaque résultat

Votre développement - résultats

Vous n’avez pas pris ce quiz